| 000 | 00736nam a2200181 a 4500 | ||
|---|---|---|---|
| 008 | 071012s1995 ||||||||||||||||| || u | ||
| 050 | _aIBRD(06)DP/1995/2 | ||
| 110 | _aWorld Bank | ||
| 245 | 1 | 4 | _aThe Private sector development in low-income countries |
| 260 |
_aWashington, D.C. _bWorld Bank _c1995 |
||
| 300 | _axv, 170p.: ill. | ||
| 350 | _a0.00 | ||
| 490 | _aDevelopment in practice | ||
| 650 | _aECONOMIC DEVELOPMENT PROJECTS--DEVELOPING COUNTRIES--FINANCE--CASE STUDIES | ||
| 650 | _aWORLD BANK--DEVELOPING COUNTRIES | ||
| 650 | 0 | _aAFRICA--ECONOMIC CONDITIONS | |
| 995 |
_D0.00 _FCBU-MAIN LIBRARY (Kitwe) _H1 _I0.00 _M1 _UAVAILABLE _WOct 12, 2007 _ZInternational Publications |
||
| 999 |
_c54685 _d54685 |
||